<?xml version="1.0" encoding="UTF-8"?>
<record
    xmlns:xsi="http://www.w3.org/2001/XMLSchema-instance"
    xsi:schemaLocation="http://www.loc.gov/MARC21/slim http://www.loc.gov/standards/marcxml/schema/MARC21slim.xsd"
    xmlns="http://www.loc.gov/MARC21/slim">

  <leader>03119nam0a2200505   4500</leader>
  <controlfield tag="001">RU\NLR\BIBL_A\012551193</controlfield>
  <controlfield tag="005">20260406104758.0</controlfield>
  <datafield tag="010" ind1=" " ind2=" ">
    <subfield code="a">978-5-8291-2398-7</subfield>
    <subfield code="9">1000</subfield>
  </datafield>
  <datafield tag="035" ind1=" " ind2=" ">
    <subfield code="a">(NLR Aleph) 012551193</subfield>
  </datafield>
  <datafield tag="090" ind1=" " ind2=" ">
    <subfield code="a">12430332</subfield>
    <subfield code="c">12430332</subfield>
  </datafield>
  <datafield tag="100" ind1=" " ind2=" ">
    <subfield code="a">20210622d2019    k  y0rusy50      ca</subfield>
  </datafield>
  <datafield tag="101" ind1="0" ind2=" ">
    <subfield code="a">rus</subfield>
  </datafield>
  <datafield tag="102" ind1=" " ind2=" ">
    <subfield code="a">RU</subfield>
  </datafield>
  <datafield tag="105" ind1=" " ind2=" ">
    <subfield code="a">c|||z|||010zb</subfield>
  </datafield>
  <datafield tag="181" ind1=" " ind2="0">
    <subfield code="a">i3</subfield>
    <subfield code="b">ab2e  </subfield>
  </datafield>
  <datafield tag="182" ind1=" " ind2="0">
    <subfield code="a">n</subfield>
  </datafield>
  <datafield tag="200" ind1="1" ind2=" ">
    <subfield code="a">&#x424;&#x438;&#x43B;&#x43E;&#x441;&#x43E;&#x444;&#x438;&#x44F; &#x432;&#x43E;&#x439;&#x43D;&#x44B; &#x438; &#x43C;&#x438;&#x440;&#x430;, &#x43D;&#x430;&#x441;&#x438;&#x43B;&#x438;&#x44F; &#x438; &#x43D;&#x435;&#x43D;&#x430;&#x441;&#x438;&#x43B;&#x438;&#x44F;</subfield>
    <subfield code="e">&#x43C;&#x43E;&#x43D;&#x43E;&#x433;&#x440;&#x430;&#x444;&#x438;&#x44F;</subfield>
    <subfield code="e">&#x43A; 190-&#x43B;&#x435;&#x442;&#x438;&#x44E; &#x441;&#x43E; &#x434;&#x43D;&#x44F; &#x440;&#x43E;&#x436;&#x434;&#x435;&#x43D;&#x438;&#x44F; &#x41B;.&#x41D;. &#x422;&#x43E;&#x43B;&#x441;&#x442;&#x43E;&#x433;&#x43E;</subfield>
    <subfield code="f">[&#x421;.&#x41D;. &#x411;&#x43E;&#x440;&#x438;&#x441;&#x43E;&#x432;, &#x41F;. &#x411;&#x43E;&#x44F;&#x43D;&#x438;&#x447;, &#x412;.&#x412;. &#x412;&#x430;&#x440;&#x430;&#x432;&#x430; &#x438; &#x434;&#x440;.]</subfield>
    <subfield code="g">&#x43F;&#x43E;&#x434; &#x440;&#x435;&#x434;. &#x412;.&#x41F;. &#x420;&#x438;&#x43C;&#x441;&#x43A;&#x43E;&#x433;&#x43E;</subfield>
    <subfield code="g">&#x411;&#x435;&#x43B;&#x433;&#x43E;&#x440;&#x43E;&#x434;&#x441;&#x43A;&#x438;&#x439; &#x433;&#x43E;&#x441;&#x443;&#x434;&#x430;&#x440;&#x441;&#x442;&#x432;&#x435;&#x43D;&#x43D;&#x44B;&#x439; &#x438;&#x43D;&#x441;&#x442;&#x438;&#x442;&#x443;&#x442; &#x438;&#x441;&#x43A;&#x443;&#x441;&#x441;&#x442;&#x432; &#x438; &#x43A;&#x443;&#x43B;&#x44C;&#x442;&#x443;&#x440;&#x44B;</subfield>
  </datafield>
  <datafield tag="203" ind1=" " ind2=" ">
    <subfield code="a">&#x422;&#x435;&#x43A;&#x441;&#x442;</subfield>
    <subfield code="b">&#x432;&#x438;&#x437;&#x443;&#x430;&#x43B;&#x44C;&#x43D;&#x44B;&#x439;</subfield>
    <subfield code="c">&#x43D;&#x435;&#x43F;&#x43E;&#x441;&#x440;&#x435;&#x434;&#x441;&#x442;&#x432;&#x435;&#x43D;&#x43D;&#x44B;&#x439;</subfield>
  </datafield>
  <datafield tag="210" ind1=" " ind2=" ">
    <subfield code="a">&#x41C;&#x43E;&#x441;&#x43A;&#x432;&#x430;</subfield>
    <subfield code="c">&#x410;&#x43A;&#x430;&#x434;&#x435;&#x43C;&#x438;&#x447;&#x435;&#x441;&#x43A;&#x438;&#x439; &#x41F;&#x440;&#x43E;&#x435;&#x43A;&#x442;</subfield>
    <subfield code="d">2019</subfield>
  </datafield>
  <datafield tag="215" ind1=" " ind2=" ">
    <subfield code="a">462, [2] &#x441;.</subfield>
    <subfield code="c">&#x43F;&#x43E;&#x440;&#x442;&#x440;.</subfield>
    <subfield code="d">22</subfield>
  </datafield>
  <datafield tag="225" ind1="1" ind2=" ">
    <subfield code="a">&#x424;&#x438;&#x43B;&#x43E;&#x441;&#x43E;&#x444;&#x441;&#x43A;&#x438;&#x435; &#x442;&#x435;&#x445;&#x43D;&#x43E;&#x43B;&#x43E;&#x433;&#x438;&#x438;</subfield>
    <subfield code="f">&#x440;&#x435;&#x434;. &#x441;&#x43E;&#x432;&#x435;&#x442;: ... &#x412;.&#x421;. &#x421;&#x442;&#x435;&#x43F;&#x438;&#x43D; (&#x430;&#x43A;&#x430;&#x434;. &#x420;&#x410;&#x41D;, &#x43F;&#x440;&#x435;&#x434;. &#x441;&#x43E;&#x432;&#x435;&#x442;&#x430;) [&#x438; &#x434;&#x440;.]</subfield>
  </datafield>
  <datafield tag="300" ind1=" " ind2=" ">
    <subfield code="a">&#x410;&#x432;&#x442;. &#x443;&#x43A;&#x430;&#x437;&#x430;&#x43D;&#x44B; &#x43D;&#x430; &#x43E;&#x431;&#x43E;&#x440;&#x43E;&#x442;&#x435; &#x442;&#x438;&#x442;. &#x441;. &#x432; &#x43C;&#x430;&#x43A;&#x435;&#x442;&#x435;</subfield>
  </datafield>
  <datafield tag="300" ind1=" " ind2=" ">
    <subfield code="a">&#x41D;&#x430; &#x441;. 459-460 &#x430;&#x432;&#x442;.: ... &#x411;&#x43E;&#x440;&#x438;&#x441;&#x43E;&#x432; &#x421;.&#x41D;. - &#x434;-&#x440; &#x444;&#x438;&#x43B;&#x43E;&#x441;. &#x43D;&#x430;&#x443;&#x43A;, &#x43F;&#x440;&#x43E;&#x444;., &#x411;&#x43E;&#x44F;&#x43D;&#x438;&#x447; &#x41F;&#x435;&#x442;&#x430;&#x440; - &#x434;-&#x440; &#x444;&#x438;&#x43B;&#x43E;&#x441;&#x43E;&#x444;&#x438;&#x438;, &#x43F;&#x440;&#x43E;&#x444;., &#x412;&#x430;&#x440;&#x430;&#x432;&#x430; &#x412;.&#x412;. - &#x434;-&#x440; &#x444;&#x438;&#x43B;&#x43E;&#x441;. &#x43D;&#x430;&#x443;&#x43A;, &#x43F;&#x440;&#x43E;&#x444;. [&#x438; &#x434;&#x440;.]</subfield>
  </datafield>
  <datafield tag="320" ind1=" " ind2=" ">
    <subfield code="a">&#x411;&#x438;&#x431;&#x43B;&#x438;&#x43E;&#x433;&#x440;. &#x432; &#x43F;&#x43E;&#x434;&#x441;&#x442;&#x440;&#x43E;&#x447;. &#x43F;&#x440;&#x438;&#x43C;&#x435;&#x447;.</subfield>
  </datafield>
  <datafield tag="600" ind1=" " ind2="1">
    <subfield code="a">&#x422;&#x43E;&#x43B;&#x441;&#x442;&#x43E;&#x439;</subfield>
    <subfield code="b">&#x41B;. &#x41D;.</subfield>
    <subfield code="g">&#x41B;&#x435;&#x432; &#x41D;&#x438;&#x43A;&#x43E;&#x43B;&#x430;&#x435;&#x432;&#x438;&#x447;</subfield>
    <subfield code="f">1828 - 1910</subfield>
    <subfield code="x">&#x424;&#x438;&#x43B;&#x43E;&#x441;&#x43E;&#x444;&#x441;&#x43A;&#x438;&#x435; &#x432;&#x437;&#x433;&#x43B;&#x44F;&#x434;&#x44B;</subfield>
    <subfield code="j">&#x421;&#x431;&#x43E;&#x440;&#x43D;&#x438;&#x43A;&#x438;</subfield>
    <subfield code="2">nlr_sh1</subfield>
    <subfield code="2">nlr_sh2</subfield>
    <subfield code="3">RU\NLR\AUTH\66970813</subfield>
  </datafield>
  <datafield tag="606" ind1="1" ind2=" ">
    <subfield code="a">&#x412;&#x43E;&#x439;&#x43D;&#x430; &#x438; &#x43C;&#x438;&#x440;, &#x43F;&#x440;&#x43E;&#x431;&#x43B;&#x435;&#x43C;&#x430;</subfield>
    <subfield code="x">&#x424;&#x438;&#x43B;&#x43E;&#x441;&#x43E;&#x444;&#x441;&#x43A;&#x438;&#x435; &#x432;&#x43E;&#x43F;&#x440;&#x43E;&#x441;&#x44B;</subfield>
    <subfield code="j">&#x421;&#x431;&#x43E;&#x440;&#x43D;&#x438;&#x43A;&#x438;</subfield>
    <subfield code="2">nlr_sh1</subfield>
    <subfield code="2">nlr_sh2</subfield>
    <subfield code="3">RU\NLR\AUTH\661302765</subfield>
  </datafield>
  <datafield tag="606" ind1="1" ind2=" ">
    <subfield code="a">&#x41D;&#x430;&#x441;&#x438;&#x43B;&#x438;&#x435;</subfield>
    <subfield code="x">&#x421;&#x43E;&#x446;&#x438;&#x430;&#x43B;&#x44C;&#x43D;&#x43E;-&#x444;&#x438;&#x43B;&#x43E;&#x441;&#x43E;&#x444;&#x441;&#x43A;&#x438;&#x435; &#x432;&#x43E;&#x43F;&#x440;&#x43E;&#x441;&#x44B;</subfield>
    <subfield code="j">&#x421;&#x431;&#x43E;&#x440;&#x43D;&#x438;&#x43A;&#x438;</subfield>
    <subfield code="2">nlr_sh1</subfield>
    <subfield code="2">nlr_sh2</subfield>
    <subfield code="3">RU\NLR\AUTH\661309048</subfield>
  </datafield>
  <datafield tag="686" ind1="1" ind2=" ">
    <subfield code="a">&#x42E;252:&#x426;01&#x44F;43</subfield>
  </datafield>
  <datafield tag="686" ind1="1" ind2=" ">
    <subfield code="a">&#x421;550.518&#x44F;43</subfield>
  </datafield>
  <datafield tag="686" ind1="1" ind2=" ">
    <subfield code="a">&#x42E;6&#x44F;43</subfield>
  </datafield>
  <datafield tag="686" ind1="1" ind2=" ">
    <subfield code="a">&#x42E;3(2)6-630&#x44F;43</subfield>
  </datafield>
  <datafield tag="686" ind1="2" ind2=" ">
    <subfield code="a">&#x428;5(2=&#x420;)52-4&#x422;&#x43E;&#x43B;&#x441;&#x442;&#x43E;&#x439;3</subfield>
  </datafield>
  <datafield tag="701" ind1=" " ind2="1">
    <subfield code="a">&#x411;&#x43E;&#x440;&#x438;&#x441;&#x43E;&#x432;</subfield>
    <subfield code="b">&#x421;. &#x41D;.</subfield>
    <subfield code="c">&#x434;-&#x440; &#x444;&#x438;&#x43B;&#x43E;&#x441;. &#x43D;&#x430;&#x443;&#x43A;</subfield>
    <subfield code="g">&#x421;&#x435;&#x440;&#x433;&#x435;&#x439; &#x41D;&#x438;&#x43A;&#x43E;&#x43B;&#x430;&#x435;&#x432;&#x438;&#x447;</subfield>
    <subfield code="3">RU\NLR\AUTH\7742883</subfield>
  </datafield>
  <datafield tag="701" ind1=" " ind2="1">
    <subfield code="a">&#x411;&#x43E;&#x44F;&#x43D;&#x438;&#x447;</subfield>
    <subfield code="b">&#x41F;.</subfield>
    <subfield code="f">1964-</subfield>
    <subfield code="g">&#x41F;&#x435;&#x442;&#x430;&#x440;</subfield>
  </datafield>
  <datafield tag="701" ind1=" " ind2="1">
    <subfield code="a">&#x412;&#x430;&#x440;&#x430;&#x432;&#x430;</subfield>
    <subfield code="b">&#x412;. &#x412;.</subfield>
    <subfield code="f">1967-</subfield>
    <subfield code="g">&#x412;&#x43B;&#x430;&#x434;&#x438;&#x43C;&#x438;&#x440; &#x412;&#x43B;&#x430;&#x434;&#x438;&#x43C;&#x438;&#x440;&#x43E;&#x432;&#x438;&#x447;</subfield>
    <subfield code="3">RU\NLR\AUTH\7753249</subfield>
  </datafield>
  <datafield tag="702" ind1=" " ind2="1">
    <subfield code="a">&#x422;&#x43E;&#x43B;&#x441;&#x442;&#x43E;&#x439;</subfield>
    <subfield code="b">&#x41B;. &#x41D;.</subfield>
    <subfield code="f">1828-1910</subfield>
    <subfield code="g">&#x41B;&#x435;&#x432; &#x41D;&#x438;&#x43A;&#x43E;&#x43B;&#x430;&#x435;&#x432;&#x438;&#x447;</subfield>
    <subfield code="3">RU\NLR\AUTH\771515</subfield>
    <subfield code="4">570</subfield>
  </datafield>
  <datafield tag="702" ind1=" " ind2="1">
    <subfield code="a">&#x420;&#x438;&#x43C;&#x441;&#x43A;&#x438;&#x439;</subfield>
    <subfield code="b">&#x412;. &#x41F;.</subfield>
    <subfield code="c">&#x434;-&#x440; &#x444;&#x438;&#x43B;&#x43E;&#x441;. &#x43D;&#x430;&#x443;&#x43A;, &#x43F;&#x438;&#x441;&#x430;&#x442;&#x435;&#x43B;&#x44C;</subfield>
    <subfield code="f">1955-</subfield>
    <subfield code="g">&#x412;&#x438;&#x43A;&#x442;&#x43E;&#x440; &#x41F;&#x430;&#x432;&#x43B;&#x43E;&#x432;&#x438;&#x447;</subfield>
    <subfield code="3">RU\NLR\AUTH\770291946</subfield>
    <subfield code="4">340</subfield>
  </datafield>
  <datafield tag="712" ind1="0" ind2="2">
    <subfield code="a">&#x411;&#x435;&#x43B;&#x433;&#x43E;&#x440;&#x43E;&#x434;&#x441;&#x43A;&#x438;&#x439; &#x433;&#x43E;&#x441;&#x443;&#x434;&#x430;&#x440;&#x441;&#x442;&#x432;&#x435;&#x43D;&#x43D;&#x44B;&#x439; &#x438;&#x43D;&#x441;&#x442;&#x438;&#x442;&#x443;&#x442; &#x438;&#x441;&#x43A;&#x443;&#x441;&#x441;&#x442;&#x432; &#x438; &#x43A;&#x443;&#x43B;&#x44C;&#x442;&#x443;&#x440;&#x44B;</subfield>
    <subfield code="3">RU\NLR\AUTH\880434523</subfield>
    <subfield code="4">570</subfield>
  </datafield>
  <datafield tag="942" ind1=" " ind2=" ">
    <subfield code="c">BOOK</subfield>
  </datafield>
  <datafield tag="980" ind1=" " ind2=" ">
    <subfield code="a">NBR</subfield>
  </datafield>
  <datafield tag="980" ind1=" " ind2=" ">
    <subfield code="a">NB</subfield>
  </datafield>
  <datafield tag="995" ind1=" " ind2=" ">
    <subfield code="5">2021-06-22</subfield>
    <subfield code="a">aa</subfield>
    <subfield code="b">NLR01</subfield>
    <subfield code="c">NLR01</subfield>
    <subfield code="e">RF81</subfield>
    <subfield code="f">1-3605081</subfield>
    <subfield code="k">2022-5/889</subfield>
    <subfield code="o">0</subfield>
    <subfield code="p">654.83</subfield>
    <subfield code="r">BOOK</subfield>
    <subfield code="s">20225889_</subfield>
  </datafield>
  <datafield tag="995" ind1=" " ind2=" ">
    <subfield code="5">2021-06-22</subfield>
    <subfield code="a">aa</subfield>
    <subfield code="b">NLR02</subfield>
    <subfield code="c">NLR02</subfield>
    <subfield code="e">UCHZ</subfield>
    <subfield code="f">1-3605080</subfield>
    <subfield code="k">&#x423;  &#x428;5(2=&#x420;)5/&#x422;-530&#x444;</subfield>
    <subfield code="o">0</subfield>
    <subfield code="p">654.83</subfield>
    <subfield code="r">BOOK</subfield>
    <subfield code="s">_525530</subfield>
  </datafield>
  <datafield tag="995" ind1=" " ind2=" ">
    <subfield code="5">2022-02-03</subfield>
    <subfield code="b">NLR01</subfield>
    <subfield code="c">NLR01</subfield>
    <subfield code="e">ZGL</subfield>
    <subfield code="f">ERR-232881</subfield>
    <subfield code="o">0</subfield>
    <subfield code="p">0.00</subfield>
    <subfield code="r">BOOK</subfield>
  </datafield>
</record>
